Chia sẽ kinh nghiệm làm cha

Guardat en:
Dades bibliogràfiques
Autor principal: John , Blase
Altres autors: Thế Anh
Format: Llibre
Publicat: Thanh hóa Thanh hóa 2017
Matèries:
Cha
Etiquetes: Afegir etiqueta
Sense etiquetes, Sigues el primer a etiquetar aquest registre!
Thư viện lưu trữ: Trung tâm Học liệu Lê Vũ Hùng, Trường Đại học Đồng Tháp
LEADER 00757pam a22002538a 4500
001 00040666
005 20190326100321.0
008 161209s2014 ||||||Chisd
020 # # |a 978 604 74 3196 0  |c 68000 
041 0 # |a Vie 
082 1 4 |a 649  |b CH301S 
100 1 # |a John , Blase 
245 1 0 |a Chia sẽ kinh nghiệm làm cha  |c John Blase; Thế Anh 
260 # # |b Thanh hóa  |c 2017  |a Thanh hóa 
300 # # |a 190tr.  |c 21 cm. 
653 # # |a Cha 
653 # # |a Phương pháp 
653 # # |a Nuôi dạy trẻ 
653 # # |a Gia đình 
653 # # |a Kinh nghiệp 
700 1 # |a Thế Anh 
852 # # |j KD.0022897 
910 # # |d 28/12/2017  |f 26/03/2019  |e ltkchi 
980 # # |a Trung tâm Học liệu Lê Vũ Hùng, Trường Đại học Đồng Tháp